| 000 | 00507nam a2200181Ia 4500 | ||
|---|---|---|---|
| 001 | 25141 | ||
| 005 | 20260414151130.0 | ||
| 008 | 260414t2024||||xx |||||||||||||| ||spa|| | ||
| 041 | _aESP | ||
| 082 |
_a346.2 _bT74C |
||
| 100 |
_aTorreblanca Gonzales, Luis Giancarlo, _eAUT |
||
| 245 | 0 |
_aEl contenido esencial del derecho a la familia conforme a las interpretaciones judiciales _b |
|
| 260 | _c2024 | ||
| 300 |
_a367 páginas : _c25 cm. |
||
| 650 | _aDER | ||
| 654 | _aCDE | ||
| 942 |
_cLIB _dJUS _fJUS _2ddc _n |
||
| 999 |
_c25141 _d25141 |
||